[Event "Deutsche Ländermeisterschaft 2022"]
[Site "Wiesbaden GER"]
[Date "2022.10.01"]
[Round "1"]
[White "Hommer, Jeremy"]
[Black "Sommer, Justus"]
[Result "1-0"]
[Termination "normal"]
[Board "4.2"]
[WhiteElo "2184"]
[BlackElo "2122"]
[WhiteClock "00:14:51"]
[BlackClock "00:01:57"]
[WhiteTeam "Hamburg"]
[BlackTeam "Schleswig-Holstein"]
[PlyCount "89"]
[WhiteFideId "12992577"]
[BlackFideId "16245008"]
[EventCountry "GER"]
[EventRounds "7"]
[EventType "team-swiss"]
[EventDate "2022.09.30"]

1. e4 {[%clk 01:30:55]} {[%emt 00:00:04]} e5 {[%clk 01:30:47]} {[%emt
00:00:13]} 2. Nf3 {[%clk 01:31:18]} {[%emt 00:00:07]} Nc6 {[%clk 01:31:03]}
{[%emt 00:00:13]} 3. Bc4 {[%clk 01:31:39]} {[%emt 00:00:10]} Bc5 {[%clk
01:30:46]} {[%emt 00:00:46]} 4. d3 {[%clk 01:32:04]} {[%emt 00:00:07]} Nf6
{[%clk 01:29:50]} {[%emt 00:01:25]} 5. Nc3 {[%clk 01:32:30]} {[%emt 00:00:05]}
d6 {[%clk 01:28:10]} {[%emt 00:02:10]} 6. Na4 {[%clk 01:32:48]} {[%emt
00:00:12]} Bb6 {[%clk 01:27:58]} {[%emt 00:00:41]} 7. a3 {[%clk 01:28:29]}
{[%emt 00:04:49]} Be6 {[%clk 01:25:03]} {[%emt 00:03:25]} 8. Nxb6 {[%clk
01:24:29]} {[%emt 00:04:31]} axb6 {[%clk 01:25:17]} {[%emt 00:00:16]} 9. Qe2
{[%clk 01:20:58]} {[%emt 00:04:01]} h6 {[%clk 01:20:30]} {[%emt 00:05:15]} 10.
Bd2 {[%clk 01:18:18]} {[%emt 00:03:11]} Qe7 {[%clk 01:12:57]} {[%emt 00:08:02]}
11. h3 {[%clk 01:13:20]} {[%emt 00:05:29]} Bxc4 {[%clk 01:07:24]} {[%emt
00:06:04]} 12. dxc4 {[%clk 01:13:37]} {[%emt 00:00:13]} Nd4 {[%clk 01:06:14]}
{[%emt 00:01:39]} 13. Nxd4 {[%clk 01:07:13]} {[%emt 00:06:55]} exd4 {[%clk
01:06:35]} {[%emt 00:00:08]} 14. O-O {[%clk 01:07:04]} {[%emt 00:00:40]} O-O
{[%clk 01:02:36]} {[%emt 00:04:28]} 15. Rfe1 {[%clk 01:06:59]} {[%emt
00:00:36]} Nd7 {[%clk 00:58:21]} {[%emt 00:04:45]} 16. Qd3 {[%clk 00:56:48]}
{[%emt 00:10:42]} Qf6 {[%clk 00:56:10]} {[%emt 00:02:40]} 17. c3 {[%clk
00:55:54]} {[%emt 00:01:25]} dxc3 {[%clk 00:50:43]} {[%emt 00:05:57]} 18. Bxc3
{[%clk 00:56:07]} {[%emt 00:00:17]} Qe6 {[%clk 00:50:06]} {[%emt 00:01:08]} 19.
Qd5 {[%clk 00:43:57]} {[%emt 00:12:40]} Nc5 {[%clk 00:37:14]} {[%emt 00:13:22]}
20. b4 {[%clk 00:38:01]} {[%emt 00:06:27]} Na4 {[%clk 00:33:21]} {[%emt
00:04:22]} 21. Bd4 {[%clk 00:38:04]} {[%emt 00:00:28]} c6 {[%clk 00:29:36]}
{[%emt 00:04:14]} 22. Qxe6 {[%clk 00:38:07]} {[%emt 00:00:27]} fxe6 {[%clk
00:30:02]} {[%emt 00:00:04]} 23. Rad1 {[%clk 00:38:26]} {[%emt 00:00:12]} e5
{[%clk 00:27:39]} {[%emt 00:02:54]} 24. Ba1 {[%clk 00:37:58]} {[%emt 00:00:57]}
Rf6 {[%clk 00:27:12]} {[%emt 00:00:57]} 25. f4 {[%clk 00:34:00]} {[%emt
00:04:28]} Rxf4 {[%clk 00:20:03]} {[%emt 00:07:39]} 26. Rxd6 {[%clk 00:34:21]}
{[%emt 00:00:09]} Re8 {[%clk 00:20:05]} {[%emt 00:00:28]} 27. Rd7 {[%clk
00:34:24]} {[%emt 00:00:27]} Rf7 {[%clk 00:19:51]} {[%emt 00:00:43]} 28. Rxf7
{[%clk 00:32:07]} {[%emt 00:02:48]} Kxf7 {[%clk 00:20:12]} {[%emt 00:00:09]}
29. Rf1+ {[%clk 00:32:26]} {[%emt 00:00:11]} Kg8 {[%clk 00:16:41]} {[%emt
00:04:00]} 30. Rd1 {[%clk 00:32:43]} {[%emt 00:00:15]} Re7 {[%clk 00:14:14]}
{[%emt 00:02:56]} 31. Kf2 {[%clk 00:31:27]} {[%emt 00:01:46]} Kf7 {[%clk
00:12:26]} {[%emt 00:02:19]} 32. Rd8 {[%clk 00:31:33]} {[%emt 00:00:24]} Kf6
{[%clk 00:10:58]} {[%emt 00:01:58]} 33. Ke2 {[%clk 00:28:03]} {[%emt 00:04:00]}
Kg5 {[%clk 00:08:45]} {[%emt 00:02:43]} 34. g3 {[%clk 00:28:00]} {[%emt
00:00:34]} h5 {[%clk 00:08:36]} {[%emt 00:00:38]} 35. Rf8 {[%clk 00:16:58]}
{[%emt 00:11:32]} g6 {[%clk 00:06:28]} {[%emt 00:02:38]} 36. h4+ {[%clk
00:17:06]} {[%emt 00:00:22]} Kg4 {[%clk 00:06:33]} {[%emt 00:00:25]} 37. Kf2
{[%clk 00:17:20]} {[%emt 00:00:16]} Re6 {[%clk 00:04:05]} {[%emt 00:02:57]} 38.
Kg2 {[%clk 00:12:43]} {[%emt 00:05:07]} Rd6 {[%clk 00:03:55]} {[%emt 00:00:40]}
39. Bxe5 {[%clk 00:12:59]} {[%emt 00:00:14]} Rd2+ {[%clk 00:04:16]} {[%emt
00:00:08]} 40. Rf2 {[%clk 00:13:23]} {[%emt 00:00:07]} Rxf2+ {[%clk 00:03:52]}
{[%emt 00:00:55]} 41. Kxf2 {[%clk 00:13:51]} {[%emt 00:00:01]} b5 {[%clk
00:01:47]} {[%emt 00:02:35]} 42. cxb5 {[%clk 00:14:11]} {[%emt 00:00:09]} cxb5
{[%clk 00:01:38]} {[%emt 00:00:40]} 43. Bd4 {[%clk 00:14:26]} {[%emt 00:00:14]}
g5 {[%clk 00:01:34]} {[%emt 00:00:35]} 44. hxg5 {[%clk 00:14:46]} {[%emt
00:00:09]} Kxg5 {[%clk 00:01:57]} {[%emt 00:00:07]} 45. Kf3 {[%clk 00:14:51]}
{[%emt 00:00:25]} 1-0

[Event "Deutsche Ländermeisterschaft 2022"]
[Site "Wiesbaden GER"]
[Date "2022.10.01"]
[Round "1"]
[White "Bosselmann, Tom Linus"]
[Black "Popist, Florian"]
[Result "1/2-1/2"]
[Termination "normal"]
[Board "4.3"]
[WhiteElo "2061"]
[BlackElo "2187"]
[WhiteClock "00:28:40"]
[BlackClock "00:06:42"]
[WhiteTeam "Schleswig-Holstein"]
[BlackTeam "Hamburg"]
[PlyCount "81"]
[WhiteFideId "12983845"]
[BlackFideId "16203518"]
[EventCountry "GER"]
[EventRounds "7"]
[EventType "team-swiss"]
[EventDate "2022.09.30"]

1. d4 {[%clk 01:30:56]} {[%emt 00:00:04]} d5 {[%clk 01:30:54]} {[%emt
00:00:06]} 2. c4 {[%clk 01:31:21]} {[%emt 00:00:05]} dxc4 {[%clk 01:31:18]}
{[%emt 00:00:06]} 3. Nf3 {[%clk 01:31:27]} {[%emt 00:00:24]} Nf6 {[%clk
01:31:41]} {[%emt 00:00:08]} 4. e3 {[%clk 01:30:50]} {[%emt 00:01:07]} e6
{[%clk 01:32:03]} {[%emt 00:00:08]} 5. Bxc4 {[%clk 01:30:57]} {[%emt 00:00:23]}
c5 {[%clk 01:32:25]} {[%emt 00:00:08]} 6. O-O {[%clk 01:28:55]} {[%emt
00:02:32]} Nc6 {[%clk 01:32:50]} {[%emt 00:00:05]} 7. Nc3 {[%clk 01:28:07]}
{[%emt 00:01:18]} a6 {[%clk 01:31:54]} {[%emt 00:01:25]} 8. a4 {[%clk
01:23:15]} {[%emt 00:05:23]} Qc7 {[%clk 01:29:34]} {[%emt 00:02:51]} 9. Bb3
{[%clk 01:16:19]} {[%emt 00:07:25]} Be7 {[%clk 01:27:19]} {[%emt 00:02:46]} 10.
dxc5 {[%clk 00:59:45]} {[%emt 00:17:04]} Bxc5 {[%clk 01:27:38]} {[%emt
00:00:10]} 11. e4 {[%clk 00:57:09]} {[%emt 00:03:06]} Ng4 {[%clk 01:23:26]}
{[%emt 00:04:42]} 12. h3 {[%clk 00:53:54]} {[%emt 00:03:45]} Nxf2 {[%clk
01:22:24]} {[%emt 00:01:32]} 13. Rxf2 {[%clk 00:54:09]} {[%emt 00:00:15]} Qb6
{[%clk 01:22:47]} {[%emt 00:00:07]} 14. Qc2 {[%clk 00:43:36]} {[%emt 00:11:03]}
Bxf2+ {[%clk 01:17:50]} {[%emt 00:05:26]} 15. Qxf2 {[%clk 00:43:48]} {[%emt
00:00:19]} Qxb3 {[%clk 01:18:02]} {[%emt 00:00:19]} 16. Be3 {[%clk 00:43:10]}
{[%emt 00:01:07]} Bd7 {[%clk 00:56:41]} {[%emt 00:21:52]} 17. Ra3 {[%clk
00:41:42]} {[%emt 00:01:57]} Qc4 {[%clk 00:53:11]} {[%emt 00:04:00]} 18. Nd2
{[%clk 00:38:57]} {[%emt 00:03:16]} Qb4 {[%clk 00:52:15]} {[%emt 00:01:25]} 19.
Rb3 {[%clk 00:37:59]} {[%emt 00:01:28]} Qe7 {[%clk 00:50:55]} {[%emt 00:01:50]}
20. Nc4 {[%clk 00:37:06]} {[%emt 00:01:23]} O-O {[%clk 00:47:03]} {[%emt
00:04:22]} 21. Bc5 {[%clk 00:34:55]} {[%emt 00:02:40]} Qg5 {[%clk 00:46:48]}
{[%emt 00:00:45]} 22. Bxf8 {[%clk 00:33:36]} {[%emt 00:01:50]} Rxf8 {[%clk
00:46:35]} {[%emt 00:00:42]} 23. Rxb7 {[%clk 00:32:15]} {[%emt 00:01:52]} Rd8
{[%clk 00:37:50]} {[%emt 00:09:15]} 24. Qe3 {[%clk 00:11:16]} {[%emt 00:21:29]}
Qxe3+ {[%clk 00:36:19]} {[%emt 00:02:00]} 25. Nxe3 {[%clk 00:11:10]} {[%emt
00:00:36]} Kf8 {[%clk 00:34:17]} {[%emt 00:02:33]} 26. Nc4 {[%clk 00:10:48]}
{[%emt 00:00:51]} Ke7 {[%clk 00:32:07]} {[%emt 00:02:41]} 27. Kf2 {[%clk
00:11:06]} {[%emt 00:00:11]} Rb8 {[%clk 00:31:42]} {[%emt 00:00:54]} 28. Rxb8
{[%clk 00:10:46]} {[%emt 00:00:50]} Nxb8 {[%clk 00:32:10]} {[%emt 00:00:02]}
29. Ke3 {[%clk 00:09:18]} {[%emt 00:01:58]} Nc6 {[%clk 00:28:58]} {[%emt
00:03:41]} 30. b3 {[%clk 00:05:16]} {[%emt 00:04:33]} f6 {[%clk 00:27:15]}
{[%emt 00:02:13]} 31. a5 {[%clk 00:04:03]} {[%emt 00:01:43]} Be8 {[%clk
00:22:55]} {[%emt 00:04:51]} 32. Na4 {[%clk 00:03:06]} {[%emt 00:01:26]} e5
{[%clk 00:22:15]} {[%emt 00:01:10]} 33. Nc5 {[%clk 00:02:20]} {[%emt 00:01:15]}
Nb4 {[%clk 00:18:37]} {[%emt 00:04:08]} 34. Kd2 {[%clk 00:02:00]} {[%emt
00:00:50]} Bb5 {[%clk 00:18:53]} {[%emt 00:00:14]} 35. Kc3 {[%clk 00:01:57]}
{[%emt 00:00:33]} Nc6 {[%clk 00:18:19]} {[%emt 00:01:03]} 36. b4 {[%clk
00:02:01]} {[%emt 00:00:27]} Nd4 {[%clk 00:17:42]} {[%emt 00:01:06]} 37. Ne3
{[%clk 00:01:54]} {[%emt 00:00:38]} Kd6 {[%clk 00:14:47]} {[%emt 00:03:25]} 38.
h4 {[%clk 00:01:51]} {[%emt 00:00:34]} g6 {[%clk 00:10:11]} {[%emt 00:05:06]}
39. g4 {[%clk 00:00:39]} {[%emt 00:01:42]} Ne2+ {[%clk 00:07:56]} {[%emt
00:02:44]} 40. Kd2 {[%clk 00:00:35]} {[%emt 00:00:33]} Nf4 {[%clk 00:06:42]}
{[%emt 00:01:45]} 41. Kc3 {[%clk 00:28:40]} {[%emt 00:02:24]} 1/2-1/2

[Event "Deutsche Ländermeisterschaft 2022"]
[Site "Wiesbaden GER"]
[Date "2022.10.01"]
[Round "1"]
[White "Hubert, Charlotte"]
[Black "Falke, Ornella"]
[Result "1/2-1/2"]
[Termination "normal"]
[Board "4.4"]
[WhiteElo "1671"]
[BlackElo "1953"]
[WhiteClock "00:20:07"]
[BlackClock "00:15:52"]
[WhiteTeam "Hamburg"]
[BlackTeam "Schleswig-Holstein"]
[PlyCount "86"]
[WhiteFideId "16265920"]
[BlackFideId "16207092"]
[EventCountry "GER"]
[EventRounds "7"]
[EventType "team-swiss"]
[EventDate "2022.09.30"]

1. e4 {[%clk 01:30:57]} {[%emt 00:00:03]} c5 {[%clk 01:30:51]} {[%emt
00:00:10]} 2. Nf3 {[%clk 01:31:20]} {[%emt 00:00:06]} e6 {[%clk 01:31:12]}
{[%emt 00:00:09]} 3. d4 {[%clk 01:31:41]} {[%emt 00:00:09]} cxd4 {[%clk
01:31:36]} {[%emt 00:00:07]} 4. Nxd4 {[%clk 01:32:03]} {[%emt 00:00:07]} Nc6
{[%clk 01:31:53]} {[%emt 00:00:13]} 5. Nb5 {[%clk 01:30:54]} {[%emt 00:01:39]}
d6 {[%clk 01:31:39]} {[%emt 00:00:44]} 6. c4 {[%clk 01:31:15]} {[%emt
00:00:10]} Nf6 {[%clk 01:31:32]} {[%emt 00:00:36]} 7. N1c3 {[%clk 01:31:23]}
{[%emt 00:00:22]} a6 {[%clk 01:31:43]} {[%emt 00:00:20]} 8. Na3 {[%clk
01:31:39]} {[%emt 00:00:13]} Qa5 {[%clk 01:29:02]} {[%emt 00:03:12]} 9. Bd2
{[%clk 01:22:46]} {[%emt 00:09:23]} Be7 {[%clk 01:25:06]} {[%emt 00:04:26]} 10.
Nd5 {[%clk 01:10:07]} {[%emt 00:13:09]} Qd8 {[%clk 01:19:55]} {[%emt 00:05:40]}
11. Nxe7 {[%clk 01:06:15]} {[%emt 00:04:21]} Qxe7 {[%clk 01:20:02]} {[%emt
00:00:24]} 12. Bd3 {[%clk 00:55:35]} {[%emt 00:11:11]} d5 {[%clk 01:07:32]}
{[%emt 00:13:00]} 13. exd5 {[%clk 00:37:49]} {[%emt 00:18:15]} exd5+ {[%clk
01:07:49]} {[%emt 00:00:13]} 14. Qe2 {[%clk 00:37:39]} {[%emt 00:00:40]} Ne5
{[%clk 00:56:53]} {[%emt 00:11:25]} 15. O-O {[%clk 00:30:07]} {[%emt 00:08:02]}
Bg4 {[%clk 00:46:54]} {[%emt 00:10:29]} 16. f3 {[%clk 00:26:05]} {[%emt
00:04:32]} Nxd3 {[%clk 00:46:51]} {[%emt 00:00:34]} 17. Qxd3 {[%clk 00:26:18]}
{[%emt 00:00:16]} Be6 {[%clk 00:47:03]} {[%emt 00:00:18]} 18. Rac1 {[%clk
00:17:29]} {[%emt 00:09:19]} O-O {[%clk 00:46:14]} {[%emt 00:01:20]} 19. Bf4
{[%clk 00:12:02]} {[%emt 00:05:57]} Qb4 {[%clk 00:37:18]} {[%emt 00:09:26]} 20.
Qd2 {[%clk 00:08:39]} {[%emt 00:03:52]} Qxd2 {[%clk 00:33:11]} {[%emt
00:04:37]} 21. Bxd2 {[%clk 00:09:05]} {[%emt 00:00:05]} dxc4 {[%clk 00:33:09]}
{[%emt 00:00:31]} 22. Nxc4 {[%clk 00:07:51]} {[%emt 00:01:44]} b5 {[%clk
00:32:45]} {[%emt 00:00:55]} 23. Nb6 {[%clk 00:05:42]} {[%emt 00:02:38]} Rab8
{[%clk 00:27:29]} {[%emt 00:05:46]} 24. Be3 {[%clk 00:06:05]} {[%emt 00:00:07]}
Rfe8 {[%clk 00:22:55]} {[%emt 00:05:04]} 25. a3 {[%clk 00:04:53]} {[%emt
00:01:42]} Bf5 {[%clk 00:20:31]} {[%emt 00:02:54]} 26. Bd4 {[%clk 00:04:27]}
{[%emt 00:00:56]} Re6 {[%clk 00:12:50]} {[%emt 00:08:12]} 27. Bxf6 {[%clk
00:04:16]} {[%emt 00:00:41]} Rxf6 {[%clk 00:12:44]} {[%emt 00:00:36]} 28. Nd5
{[%clk 00:04:34]} {[%emt 00:00:11]} Re6 {[%clk 00:13:06]} {[%emt 00:00:08]} 29.
Rfe1 {[%clk 00:03:41]} {[%emt 00:01:23]} Rxe1+ {[%clk 00:12:18]} {[%emt
00:01:19]} 30. Rxe1 {[%clk 00:03:56]} {[%emt 00:00:14]} Kf8 {[%clk 00:12:01]}
{[%emt 00:00:47]} 31. Rc1 {[%clk 00:02:23]} {[%emt 00:02:03]} Rd8 {[%clk
00:11:31]} {[%emt 00:01:00]} 32. Ne3 {[%clk 00:02:31]} {[%emt 00:00:21]} Be6
{[%clk 00:09:39]} {[%emt 00:02:24]} 33. Rd1 {[%clk 00:02:11]} {[%emt 00:00:48]}
Rc8 {[%clk 00:07:50]} {[%emt 00:02:20]} 34. Kf2 {[%clk 00:01:32]} {[%emt
00:01:09]} Ke7 {[%clk 00:08:08]} {[%emt 00:00:12]} 35. Ke2 {[%clk 00:01:25]}
{[%emt 00:00:37]} a5 {[%clk 00:05:26]} {[%emt 00:03:12]} 36. Kd2 {[%clk
00:01:04]} {[%emt 00:00:50]} f5 {[%clk 00:03:28]} {[%emt 00:02:29]} 37. f4
{[%clk 00:00:50]} {[%emt 00:00:45]} b4 {[%clk 00:02:55]} {[%emt 00:01:03]} 38.
axb4 {[%clk 00:00:59]} {[%emt 00:00:21]} axb4 {[%clk 00:03:22]} {[%emt
00:00:03]} 39. Ra1 {[%clk 00:01:16]} {[%emt 00:00:12]} Rd8+ {[%clk 00:03:03]}
{[%emt 00:00:49]} 40. Ke2 {[%clk 00:01:15]} {[%emt 00:00:31]} Rd4 {[%clk
00:01:59]} {[%emt 00:01:34]} 41. Ra7+ {[%clk 00:25:46]} {[%emt 00:05:59]} Kf6
{[%clk 00:32:11]} {[%emt 00:00:18]} 42. Ra6 {[%clk 00:23:46]} {[%emt 00:02:31]}
h6 {[%clk 00:23:31]} {[%emt 00:09:10]} 43. h4 {[%clk 00:20:07]} {[%emt
00:04:09]} Re4 {[%clk 00:15:52]} {[%emt 00:08:09]} 1/2-1/2

[Event "Deutsche Ländermeisterschaft 2022"]
[Site "Wiesbaden GER"]
[Date "2022.10.01"]
[Round "1"]
[White "Malinowsky, Levi"]
[Black "Braun, Julian"]
[Result "1-0"]
[Termination "normal"]
[Board "4.5"]
[WhiteElo "1879"]
[BlackElo "1715"]
[WhiteClock "00:20:20"]
[BlackClock "00:21:00"]
[WhiteTeam "Schleswig-Holstein"]
[BlackTeam "Hamburg"]
[PlyCount "103"]
[WhiteFideId "16253094"]
[BlackFideId "16289293"]
[EventCountry "GER"]
[EventRounds "7"]
[EventType "team-swiss"]
[EventDate "2022.09.30"]

1. e4 {[%clk 01:30:56]} {[%emt 00:00:03]} e5 {[%clk 01:30:59]} {[%emt
00:00:02]} 2. Nf3 {[%clk 01:31:16]} {[%emt 00:00:09]} Nc6 {[%clk 01:31:25]}
{[%emt 00:00:05]} 3. Bb5 {[%clk 01:31:30]} {[%emt 00:00:15]} a6 {[%clk
01:31:53]} {[%emt 00:00:03]} 4. Ba4 {[%clk 01:31:34]} {[%emt 00:00:25]} Nf6
{[%clk 01:32:21]} {[%emt 00:00:04]} 5. O-O {[%clk 01:31:00]} {[%emt 00:01:03]}
Be7 {[%clk 01:32:33]} {[%emt 00:00:17]} 6. Re1 {[%clk 01:30:34]} {[%emt
00:00:55]} b5 {[%clk 01:32:52]} {[%emt 00:00:12]} 7. Bb3 {[%clk 01:30:35]}
{[%emt 00:00:29]} d6 {[%clk 01:33:05]} {[%emt 00:00:17]} 8. c3 {[%clk
01:29:14]} {[%emt 00:01:51]} O-O {[%clk 01:33:09]} {[%emt 00:00:26]} 9. h3
{[%clk 01:28:07]} {[%emt 00:01:36]} Nb8 {[%clk 01:33:19]} {[%emt 00:00:20]} 10.
d4 {[%clk 01:26:42]} {[%emt 00:01:55]} Nbd7 {[%clk 01:33:47]} {[%emt 00:00:03]}
11. Nbd2 {[%clk 01:22:40]} {[%emt 00:04:32]} Bb7 {[%clk 01:33:53]} {[%emt
00:00:24]} 12. Bc2 {[%clk 01:20:03]} {[%emt 00:03:06]} Re8 {[%clk 01:29:12]}
{[%emt 00:05:11]} 13. Nf1 {[%clk 01:17:53]} {[%emt 00:02:40]} Bf8 {[%clk
01:29:13]} {[%emt 00:00:30]} 14. Ng3 {[%clk 01:15:27]} {[%emt 00:02:56]} g6
{[%clk 01:28:34]} {[%emt 00:01:09]} 15. Nh2 {[%clk 01:08:29]} {[%emt 00:07:27]}
Bg7 {[%clk 01:27:22]} {[%emt 00:01:43]} 16. f4 {[%clk 01:04:16]} {[%emt
00:04:43]} exd4 {[%clk 01:20:25]} {[%emt 00:07:26]} 17. cxd4 {[%clk 01:03:00]}
{[%emt 00:01:45]} c5 {[%clk 01:18:03]} {[%emt 00:02:53]} 18. d5 {[%clk
00:56:06]} {[%emt 00:07:24]} Qb6 {[%clk 01:14:34]} {[%emt 00:03:59]} 19. Nf3
{[%clk 00:51:00]} {[%emt 00:05:37]} Re7 {[%clk 01:11:52]} {[%emt 00:03:11]} 20.
Be3 {[%clk 00:46:52]} {[%emt 00:04:38]} Rae8 {[%clk 01:10:44]} {[%emt
00:01:38]} 21. Qd2 {[%clk 00:43:45]} {[%emt 00:03:38]} b4 {[%clk 00:51:30]}
{[%emt 00:19:44]} 22. Bd3 {[%clk 00:35:47]} {[%emt 00:08:28]} a5 {[%clk
00:45:41]} {[%emt 00:06:18]} 23. a3 {[%clk 00:32:32]} {[%emt 00:03:45]} Qc7
{[%clk 00:39:52]} {[%emt 00:06:20]} 24. axb4 {[%clk 00:30:47]} {[%emt
00:02:15]} axb4 {[%clk 00:40:09]} {[%emt 00:00:12]} 25. Bf2 {[%clk 00:27:16]}
{[%emt 00:04:02]} Nb6 {[%clk 00:27:31]} {[%emt 00:13:08]} 26. Qc2 {[%clk
00:24:04]} {[%emt 00:03:42]} c4 {[%clk 00:22:52]} {[%emt 00:05:08]} 27. Rac1
{[%clk 00:21:41]} {[%emt 00:02:54]} Rc8 {[%clk 00:20:36]} {[%emt 00:02:46]} 28.
Qd2 {[%clk 00:18:48]} {[%emt 00:03:23]} c3 {[%clk 00:17:41]} {[%emt 00:03:24]}
29. bxc3 {[%clk 00:18:41]} {[%emt 00:00:37]} bxc3 {[%clk 00:17:55]} {[%emt
00:00:16]} 30. Qc2 {[%clk 00:17:24]} {[%emt 00:01:45]} Nbd7 {[%clk 00:15:14]}
{[%emt 00:03:13]} 31. Nd4 {[%clk 00:15:49]} {[%emt 00:02:04]} Qb8 {[%clk
00:10:30]} {[%emt 00:05:15]} 32. Rb1 {[%clk 00:14:17]} {[%emt 00:02:02]} Nc5
{[%clk 00:09:05]} {[%emt 00:01:55]} 33. Nc6 {[%clk 00:12:35]} {[%emt 00:02:12]}
Qc7 {[%clk 00:08:28]} {[%emt 00:01:06]} 34. Bxc5 {[%clk 00:10:41]} {[%emt
00:02:24]} Bxc6 {[%clk 00:07:34]} {[%emt 00:01:24]} 35. Bb6 {[%clk 00:11:01]}
{[%emt 00:00:10]} Qd7 {[%clk 00:07:15]} {[%emt 00:00:48]} 36. dxc6 {[%clk
00:11:12]} {[%emt 00:00:20]} Qxc6 {[%clk 00:07:28]} {[%emt 00:00:17]} 37. Bd4
{[%clk 00:09:25]} {[%emt 00:02:15]} h5 {[%clk 00:05:24]} {[%emt 00:02:35]} 38.
Rb6 {[%clk 00:06:34]} {[%emt 00:03:21]} Qc7 {[%clk 00:04:44]} {[%emt 00:01:10]}
39. Reb1 {[%clk 00:05:43]} {[%emt 00:01:22]} Nxe4 {[%clk 00:02:32]} {[%emt
00:02:42]} 40. Bxg7 {[%clk 00:04:42]} {[%emt 00:01:30]} Nxg3 {[%clk 00:02:59]}
{[%emt 00:00:04]} 41. Bd4 {[%clk 00:04:03]} {[%emt 00:01:08]} h4 {[%clk
00:29:41]} {[%emt 00:03:48]} 42. Bf6 {[%clk 00:29:58]} {[%emt 00:04:35]} Qc5+
{[%clk 00:26:52]} {[%emt 00:03:18]} 43. Kh2 {[%clk 00:29:03]} {[%emt 00:01:26]}
Re3 {[%clk 00:24:53]} {[%emt 00:02:29]} 44. Bxh4 {[%clk 00:23:58]} {[%emt
00:05:35]} Rxd3 {[%clk 00:22:09]} {[%emt 00:03:13]} 45. Qxd3 {[%clk 00:22:51]}
{[%emt 00:01:38]} Nf5 {[%clk 00:22:25]} {[%emt 00:00:14]} 46. R6b5 {[%clk
00:20:57]} {[%emt 00:02:24]} Qd4 {[%clk 00:21:34]} {[%emt 00:01:19]} 47. Qxd4
{[%clk 00:19:20]} {[%emt 00:02:09]} Nxd4 {[%clk 00:22:01]} {[%emt 00:00:02]}
48. Rb8 {[%clk 00:19:32]} {[%emt 00:00:16]} Rf8 {[%clk 00:21:31]} {[%emt
00:01:01]} 49. Rxf8+ {[%clk 00:19:45]} {[%emt 00:00:19]} Kxf8 {[%clk 00:21:41]}
{[%emt 00:00:20]} 50. Bf6 {[%clk 00:20:07]} {[%emt 00:00:07]} Nc6 {[%clk
00:21:25]} {[%emt 00:00:46]} 51. Rb6 {[%clk 00:20:20]} {[%emt 00:00:17]} c2
{[%clk 00:21:00]} {[%emt 00:00:55]} 52. Rxc6 {[%emt 00:00:31]} 1-0